000 00740nam a2200229 u 4500
001 000025254
005 20200930023648.0
008 110211s1993 ck r 001 0 spa d
020 _a958919608x
040 _aDO-SdBNP
_bspa
_cBNPHU
082 _ann*
_bnn*
100 1 _aBrenson Lazán, Gilbert.
_951750
245 1 1 _a¿Cómo es la movida chueca? /
_cGilbert Brenson ; [dibujos por Madeleune Mosher].
250 _a13a ed.
260 _aBogotá :
_bSolar,
_c1993.
300 _a130 p. :
_bil. ;
_c21 cm.
490 1 _aPsicología. auto-ayuda y superación personal
504 _aBibliografía : 128 p.
700 1 _aMosher, Madeleine,
_eill.
_951751
830 0 _aPsicología. auto-ayuda y superación personal
_951752
049 _aBNGR
999 _c24747
_d24747